000 aam a22 a 4500
999 _c4696
_d4696
003 AKMAL
005 20170728114634.0
008 1707 t2017 my e l 000 0 eng d
020 _a9789677014411
_cRM 50.00
082 0 4 _a343.5950558 MAL
_223
090 0 0 _a343.5950558
_bMAL
110 1 _aMalaysia,
_ejurisdiction governed.
_9400
245 1 0 _aGOODS AND SERVICES TAX ACT 2014 (ACT 762)
_b(AS AT January 2017) /
_cCompiled by: Legal Research Board
264 1 _aKuala Lumpur :
_bMDC Publishers Sdn. Bhd,
_c2017
300 _a137 pages ;
_c24 cm.
490 1 _aLAWS OF MALAYSIA
650 1 0 _aTaxation
_xLaw and legislation
_zMalaysia
_9204
650 2 0 _aSales tax
_xLaw and legislation
_zMalaysia
_9621
650 2 0 _aService industries
_xTaxation
_zMalaysia
_98812
710 2 _aLembaga Penyelidikan Undang-Undang,
_eeditor.
_99012
830 0 _aLaws of Malaysia
_91830
942 _2ddc
_cBOOK